Największe państwa na literę W - Statystyki

Ogólne statystyki
  • Ten quiz został rozwiązany 27 razy
  • Średni wynik to 4 z 5
Statystyki odpowiedzi
Powierzchnia (km²) Miejsce na świecie
pod względem powierzchni
Państwo % Poprawnych
912 050 32 Wenezuela
85%
331 210 65 Wietnam
85%
301 340 71 Włochy
78%
243 610 78 Wielka Brytania
70%
322 463 68 Wybrzeże Kości Słoniowej
63%
Nie znaleziono quizów pasujących do podanych kryteriów
Rozkład punktacji
Procent ludzi z każdym wynikiem
Percentyl według liczby udzielonych odpowiedzi
Twoja historia wyników
Nie rozwiązałeś tego quizu